Normal view
MARC view
- MuLLINS,LAURIE W/ORVILLE C. WALKER JR
Entry Personal Name
001 - CONTROL NUMBER
- control field: 1762
003 - CONTROL NUMBER IDENTIFIER
- control field: JO-AjAnu
005 - DATE AND TIME OF LATEST TRANSACTION
- control field: 20230606070606.0
008 - FIXED-LENGTH DATA ELEMENTS
- fixed length control field: 230606|| aca||aabn | a|a d
040 ## - CATALOGING SOURCE
- Original cataloging agency: JO-AjAnu
- Transcribing agency: JO-AjAnu
100 ## - HEADING--PERSONAL NAME
- Personal name: MuLLINS,LAURIE W/ORVILLE C. WALKER JR
670 ## - SOURCE DATA FOUND
- Source citation: Work cat.: (JO-AjAnu)929: MuLLINS,LAURIE W/ORVILLE C. WALKER JR, author, Marketing Management :A Strategic Decision-Making Approach